Reengineering - radikální proměna firmy Manifest revoluce v podnikání
Uložené v:
| Hlavný autor: | |
|---|---|
| Ďalší autori: | , |
| Médium: | Kniha |
| Jazyk: | Czech |
| Vydavateľské údaje: |
Praha
Management Press
1995
|
| Vydanie: | 1. vyd. |
| Predmet: | |
| Tagy: |
Žiadne tagy, Buďte prvý, kto otaguje tento záznam!
|
MARC
| LEADER | 00000nam a2200000 4500 | ||
|---|---|---|---|
| 001 | c010899 | ||
| 005 | 20221205133457.0 | ||
| 020 | |a 80-85603-73-X | ||
| 041 | 0 | |a cze | |
| 044 | |a CZ | ||
| 245 | 1 | 0 | |a Reengineering - radikální proměna firmy |b Manifest revoluce v podnikání |c Michael Hammer, James Champy ; [Z angl. prel.] Leo Vodáček |
| 250 | |a 1. vyd. | ||
| 264 | 1 | |a Praha |b Management Press |c 1995 | |
| 300 | |a 212 s. | ||
| 610 | 2 | 0 | |a stratégia podniková |
| 610 | 2 | 0 | |a riadenie podnikové |
| 610 | 2 | 0 | |a manažment strategický |
| 610 | 2 | 0 | |a štruktúra organizačná |
| 100 | 1 | |a Hammer, Michael | |
| 700 | 1 | |a Champy, James | |
| 700 | 1 | |a Vodáček, Leo | |